000 00639nam a2200241Ia 4500
003 OSt
005 20220918230452.0
006 a|||||r|||| 00| 0
007 ta
008 220917b |||||||| |||| 00| 0 eng d
024 _a254,004
037 _cTextual
040 _aARTS
_cARTS
_beng
041 _2eng
_aeng
082 _aV63:25:N5, K3
100 _aG. H. L. Le May
_9152680
245 0 _aFreedom amd authority
260 _aJohannesburg
_bWitwatersrand University Press
_c1963
300 _a18p.
_ccm.
650 _aHISTORY
942 _hV63:25:N5, K3
_cTEXL
_2CC
999 _c288126
_d288126